Tribhuvan University Central Library

Sarita; kavita sangraha (Record no. 8242)

MARC details
000 -LEADER
fixed length control field 003340000a22001570004500
082 ## - DEWEY DECIMAL CLASSIFICATION NUMBER
Classification number N895.511
Item number S927s
041 ## - LANGUAGE CODE
Language code of text/sound track or separate title Nep
100 ## - MAIN ENTRY--PERSONAL NAME
Personal name Sarma, Motiprasad
245 ## - TITLE STATEMENT
Title Sarita; kavita sangraha
260 ## - PUBLICATION, DISTRIBUTION, ETC. (IMPRINT)
Place of publication, distribution, etc Kalimpong
Name of publisher, distributor, etc Vivecana Prakasan
260 ## - PUBLICATION, DISTRIBUTION, ETC. (IMPRINT)
Date of publication, distribution, etc 1993
300 ## - PHYSICAL DESCRIPTION
Extent 56p.
530 ## - ADDITIONAL PHYSICAL FORM AVAILABLE NOTE
Additional physical form available note M
650 ## - SUBJECT ADDED ENTRY--TOPICAL TERM
Topical term or geographic name as entry element Nepali poetry
942 ## - ADDED ENTRY ELEMENTS (KOHA)
Koha item type General Collections

No items available.